000
00325nam a2200133Ia 4500
005
20260328104322.0
008
260328s9999||||xx |||||||||||||| ||und||
100
_a
Lesnikowski, Wojciech
245
0
_a
French Architecture /
_c
Wojciech Lesnikowski
260
_b
Rizzoli
300
_a
223 p.
650
_a
FRANCIA
942
_c
BK
999
_c
11395
_d
11395